000 00293nam a2200121Ia 4500
008 190802s9999 xx 000 0 und d
020 _a13:978-93-5260-745-7
100 _aStephen A Ross
245 0 _aCorporate Finance
260 _aAustralia
_bDelhi
_c2018
300 _a1088:P
942 _cBK
999 _c2302
_d2302